Изучение низкотемпературного синтеза пигментов на основе оксида циркония; Материалы научно-практической конференции "Методы исследования в химии и химической технологии" (Томск, 20-22 мая 1986 г.)

Detalhes bibliográficos
Parent link:Материалы научно-практической конференции "Методы исследования в химии и химической технологии" (Томск, 20-22 мая 1986 г.).— 1986.— С. 142-144
Outros Autores: Иванов Г. Ф. Геннадий Филиппович, Стась Н. Ф. Николай Федорович, Сахарова Е. И. Елена Иванова, Икрин В. М. Валентин Михайлович
Resumo:Деп. в ОНИИТЭХим г. Черкассы 03.09.86, №1075-ХП-86.
Idioma:russo
Publicado em: 1986
Assuntos:
Formato: MixedMaterials Capítulo de Livro
KOHA link:https://koha.lib.tpu.ru/cgi-bin/koha/opac-detail.pl?biblionumber=594290

MARC

LEADER 00000naa0a2200000 4500
001 594290
005 20250205154502.0
029 0 0 |a SU  |b 1075-ХП-86  |f ОНИИТЭХим 
035 |a (RuTPU)RU\TPU\tpu\8716 
035 |a RU\TPU\tpu\8715 
090 |a 594290 
100 |a 20020530d1986 k y0rusy50 ca 
101 0 |a rus 
102 |a RU 
200 1 |a Изучение низкотемпературного синтеза пигментов на основе оксида циркония  |f Г. Ф. Иванов [и др.] 
300 |a Деп. в ОНИИТЭХим г. Черкассы 03.09.86, №1075-ХП-86. 
463 |t Материалы научно-практической конференции "Методы исследования в химии и химической технологии" (Томск, 20-22 мая 1986 г.)  |o секция "Методы исследования химических реакций в твердых неорганических веществах"  |v С. 142-144  |d 1986 
610 1 |a труды учёных ТПУ 
701 1 |a Иванов  |b Г. Ф.  |c кандидат химических наук  |f 1940-  |g Геннадий Филиппович  |3 (RuTPU)RU\TPU\pers\3819 
701 1 |a Стась  |b Н. Ф.  |c кандидат химических наук  |c ХТФ  |f 1938-  |g Николай Федорович  |3 (RuTPU)RU\TPU\pers\3817 
701 1 |a Сахарова  |b Е. И.  |f 1962-  |g Елена Иванова  |3 (RuTPU)RU\TPU\pers\3821 
701 1 |a Икрин  |b В. М.  |c кандидат химических наук  |f 1944-  |g Валентин Михайлович  |3 (RuTPU)RU\TPU\pers\3554 
801 2 |a RU  |b 63413507  |c 20100202  |g PSBO 
942 |c BK